| 000 | 00856nam a22002057a 4500 | ||
|---|---|---|---|
| 999 |
_c4167 _d4167 |
||
| 003 | AR-CdUCM | ||
| 008 | 190308b ||||| |||| 00| 0 spa d | ||
| 040 |
_aMUNICIPALIDAD PROVINCIAL DEL CUSCO _cBIBLIOTECA MUNICIPAL DEL CUSCO |
||
| 082 |
_a869.624 / _bV76 |
||
| 100 |
_aViteri, Atanasio _913206 |
||
| 245 | _aContienda del hombre y la belleza / | ||
| 260 |
_aQuito : _bImpr. de la Universidad Central, _c1954. |
||
| 300 |
_a131 páginas ; _c21 cm. |
||
| 505 | _aContenido: Oswaldo Guayasamín -- Lisa Marchev, Carlos Bravomalo, Oswaldo Moreno y José F. Silva -- Pablo de Rokha -- Latacunga -- Víctor y Luis Mideros -- Job y Lautreamont -- Manuel y Calle -- Jorge Carrera Andrade -- Gonzalo Escudero -- Quito. | ||
| 650 |
_aEnsayos ecuatorianos _913207 |
||
| 650 |
_aEcuador _913208 |
||
| 650 |
_aSiglo XX _98 |
||
| 942 |
_2ddc _cLIBROS |
||
| 945 | _araen | ||